Vízia pre budúce tisícročie. 1

Smery svetového sociálno-ekonomického rozvoja pre dekády nasledujúce po r. 2000, prerokované na 50. mimoriadnom zasadaní Valného zhromaždenia OSN v októbri 1995 v New Yorku.

Gespeichert in:
Bibliographische Detailangaben
1. Verfasser: Mihalik, Jozef
Format: Buchkapitel
Sprache:Slowakisch
Schlagworte:
Tags: Tag hinzufügen
Keine Tags, Fügen Sie das erste Tag hinzu!

MARC

LEADER 00000naa a2200000 4500
001 r019073
005 20221213100019.2
041 0 |a slo 
044 |a SK 
245 1 0 |a Vízia pre budúce tisícročie. 1  |c Jozef Mihalik 
520 |a Smery svetového sociálno-ekonomického rozvoja pre dekády nasledujúce po r. 2000, prerokované na 50. mimoriadnom zasadaní Valného zhromaždenia OSN v októbri 1995 v New Yorku. 
610 2 0 |a hospodárstvo svetové 
610 2 0 |a október 
610 2 0 |a 1995 
610 2 0 |a OSN 
610 2 0 |a New York 
610 2 0 |a prognózy 
610 2 0 |a rozvoj sociálno-ekonomický 
610 2 0 |a globalizácia 
610 2 0 |a migrácia 
610 2 0 |a protekcionizmus 
100 1 |a Mihalik, Jozef